| 000 | 00355nam a2200157Ia 4500 | ||
|---|---|---|---|
| 008 | 210210b2016 xxu||||| |||| 00| 0 eng d | ||
| 041 | _aeng | ||
| 082 | _a657.45 RAMA | ||
| 100 | _aRAMAN (B S) | ||
| 245 | _aAuditing | ||
| 260 |
_aMangalore _bUnited Publishers _c2016 |
||
| 300 | _a184 | ||
| 650 | _aAuditing | ||
| 690 | _aAuditing | ||
| 906 | _a071187 | ||
| 999 |
_c120547 _d120547 |
||